01182nam a22002894a 4500001001200000003000800012006001900020007001500039008004100054010001700095020003600112040002100148035002100169050002300190082001700213100003300230245011300263260005600376300002400432504006400456533015200520650002700672650002100699655002900720710001700749856012600766ebr10170759CaPaEBRm u cr cn|||||||||050215s2005 ctua sb 001 0 eng  z 2005043555 z0300106661 (cloth : alk. paper) aCaPaEBRcCaPaEBR a(OCoLC)12978179114aTX908b.C68 2005eb04a647.95092221 aCowan, Brian William,d1969-14aThe social life of coffeeh[electronic resource] :bthe emergence of the British coffeehouse /cBrian Cowan. aNew Haven [Conn.] :bYale University Press,cc2005. axii, 364 p. :bill. aIncludes bibliographical references (p. 265-354) and index. aElectronic reproduction.bPalo Alto, Calif. :cebrary,d2013.nAvailable via World Wide Web.nAccess may be limited to ebrary affiliated libraries. 0aCoffeehousesxHistory. 0aCoffeexHistory. 7aElectronic books.2local2 aebrary, Inc.40uhttp://site.ebrary.com/lib/rucke/Doc?id=10170759zAn electronic book accessible through the World Wide Web; click to view